000 00506nam a2200205Ia 4500
003 OSt
005 20140311163112.0
008 140130s9999 xx 000 0 und d
020 _a043922361X
050 _aPZ 7
_b.L5827Mu 2000
100 _aLevy, Elizabeth
_931270
245 _aMy Life As a fifth Grade /
_cElizabeth Levy
260 _bScholastic,
_c2000.
_aNew York :
300 _a184 p. :
_c18 cm.
440 _v1
_931174
521 _aG3
526 _c520
942 _cBK
_2lcc
999 _c40586
_d40586